Guess the Movie from the Cast - Statistics

General Stats
  • This quiz has been taken 391 times
  • The average score is 5 of 10
Answer Stats
Hint Answer % Correct
Morgan Freeman / Tim Robbins / Bob Gunton / Clancy Brown The Shawshank Redemption
80%
Leonardo DiCaprio / Ken Watanabe / Joseph Gordon-Levitt / Marion Cotillard Inception
66%
Emma Watson / Dan Stevens / Luke Evans / Josh Gad Beauty and the Beast
58%
Julie Andrews / Christopher Plummer / Charmian Carr / Duane Chase The Sound of Music
54%
(a) Jack Black / Dustin Hoffman / Ian McShane / Angelina Jolie Kung Fu Panda
49%
Jesse Eisenberg / Mark Ruffalo / Mélanie Laurent / Isla Fisher Now You See Me
48%
Jason Statham / Stephen Graham / Brad Pitt / Vinnie Jones Snatch
35%
Colin Farrell / Brendan Gleeson / Clémence Poésy / Ralph Fiennes In Bruges
32%
Pierce Brosnan / Robert Carlyle / Sophie Marceau / Denise Richards The World Is Not Enough
20%
Lucas Black / Sung Kang / Brian Tee / Nathalie Kelley The Fast and the Furious: Tokyo Drift
11%
No matching quizzes found
Score Distribution
Percent of People with Each Score
Percentile by Number Answered
Your Score History
You have not taken this quiz